000 00465nam a22001697a 4500
003 CEME
005 20210628210432.0
008 210208b xxu||||| |||| 00| 0 eng d
040 _c.
082 _a297.7 GHU
100 _aGhulam Mustafa
_979402
245 _aGunahoan kay pahar aur bukhsish ka silaab
260 _aMULTAN
_bKUTAB KHANA MAJEEDIA
_c1995
300 _a213P
650 _aISLAM-BUKHSISH KA SILAAB ISLAM-GUNAHOAN KAY PAHAR
_979403
942 _cBK
_2ddc
999 _c584446
_d584446